Costa Rica, paisajes volcánicos=Volcanic landscapes (Registro nro. 5559)
[ vista simple ]
| 000 -LEADER | |
|---|---|
| fixed length control field | 00649am a2200217a 44500 |
| 005 - DATE AND TIME OF LATEST TRANSACTION | |
| control field | 20160108142106.0 |
| 008 - FIXED-LENGTH DATA ELEMENTS--GENERAL INFORMATION | |
| fixed length control field | 150515b xxu||||| |||| 00| 0 spa d |
| 041 ## - LANGUAGE CODE | |
| Language code of text/sound track or separate title | Español |
| 082 ## - DEWEY DECIMAL CLASSIFICATION NUMBER | |
| Classification number | 551.21 |
| Item number | B499c |
| 100 ## - MAIN ENTRY--PERSONAL NAME | |
| Personal name | Bergoeing G., Jean Pierre |
| 245 ## - TITLE STATEMENT | |
| Title | Costa Rica, paisajes volcánicos=Volcanic landscapes |
| 260 ## - PUBLICATION, DISTRIBUTION, ETC. | |
| Place of publication, distribution, etc. | Costa Rica |
| Name of publisher, distributor, etc. | Jadine |
| Date of publication, distribution, etc. | 2009 |
| 300 ## - PHYSICAL DESCRIPTION | |
| Extent | 76 páginas |
| 500 ## - GENERAL NOTE | |
| General note | Disponible en idioma inglés |
| 650 ## - SUBJECT ADDED ENTRY--TOPICAL TERM | |
| Topical term or geographic name entry element | VOLCANES |
| 9 (RLIN) | 9117 |
| 650 ## - SUBJECT ADDED ENTRY--TOPICAL TERM | |
| Topical term or geographic name entry element | COSTA RICA |
| 9 (RLIN) | 42 |
| 650 ## - SUBJECT ADDED ENTRY--TOPICAL TERM | |
| Topical term or geographic name entry element | GEOMORFOLOGIA |
| 9 (RLIN) | 13156 |
| 650 ## - SUBJECT ADDED ENTRY--TOPICAL TERM | |
| Topical term or geographic name entry element | CORDILLERA VOLCANICA CENTRAL |
| 9 (RLIN) | 5514 |
| 650 ## - SUBJECT ADDED ENTRY--TOPICAL TERM | |
| Topical term or geographic name entry element | CORDILLERA VOLCANICA DE GUANACASTE |
| 9 (RLIN) | 5516 |
| 942 ## - ADDED ENTRY ELEMENTS (KOHA) | |
| Koha item type | Libro |
No hay ítems disponibles.